000
00198 a2200085 4500
001
64462
090
_c
38085
_d
38085
245
_a
fundamentals of fluid mechanics
260
_a
New york
_b
john wiley and sons
_c
1994
942
_a
NUST-CAE
999
_c
299535
_d
299535